|
|
|
|
| LEADER |
01536nam a2200409 a 4500 |
| 001 |
000091126 |
| 003 |
CZ BrMZK |
| 005 |
20260217100129.0 |
| 007 |
ta |
| 008 |
010907s1996 xr a f 0 cze d |
| 015 |
|
|
|a cnb000184649
|
| 020 |
|
|
|a 80-85427-91-5
|
| 035 |
|
|
|a (OCoLC)37250533
|
| 040 |
|
|
|a BOA001
|b cze
|
| 072 |
|
7 |
|a 666
|x Sklářství. Keramika. Cement
|2 Konspekt
|9 19
|
| 080 |
|
|
|a 666.1/.2
|2 MRF
|
| 080 |
|
|
|a 620.2-026.5/.8
|2 MRF
|
| 080 |
|
|
|a (048.8)
|2 MRF
|
| 100 |
1 |
|
|a Fanderlík, Ivan,
|d 1935-2009
|7 jk01030741
|4 aut
|
| 245 |
1 |
0 |
|a Vlastnosti skel /
|c Ivan Fanderlik
|
| 250 |
|
|
|a Vyd. 1.
|
| 260 |
|
|
|a Praha :
|b Informatorium,
|c 1996
|
| 300 |
|
|
|a 313 s. :
|b il. ;
|c 24 cm +
|e 1 disketa (9 cm)
|
| 490 |
1 |
|
|a Sklářská knižnice
|
| 500 |
|
|
|a Ke knize vydána 1 disketa: Sklo: sig=DIS-1048.709
|
| 504 |
|
|
|a Obsahuje bibliografii
|
| 500 |
|
|
|a Dostupné též v digitální podobě v aplikaci Kramerius
|
| 650 |
0 |
7 |
|a sklo
|7 ph125588
|2 czenas
|
| 650 |
0 |
7 |
|a vlastnosti materiálů
|7 ph241154
|2 czenas
|
| 655 |
|
7 |
|a monografie
|7 fd132842
|2 czenas
|
| 830 |
|
0 |
|a Sklářská knižnice
|
| 856 |
4 |
1 |
|u http://www.digitalniknihovna.cz/mzk/uuid/uuid:b388baf2-0d90-11f1-9f3b-56464411d01f
|y Digitalizovaný dokument
|x NDK
|
| 910 |
|
|
|a BOA001
|b 2-1023.990
|b TK-0260.784
|
| 920 |
|
|
|a 000165119
|
| 990 |
|
|
|a BK
|
| 996 |
6 |
|
|b 2610040954
|c 2-1023.990
|l MZK
|r Sklad / do 1 hodiny
|n 32
|p p.v.
|w 000091126
|u 000010
|a 1
|e BOA001
|j MZK50
|s P
|
| 996 |
7 |
|
|b 2620006871
|c TK-0260.784
|l MZK
|r Sklad / do 24 hodin
|n 5
|p kup
|w 000091126
|u 000020
|a 1
|e BOA001
|j MZK50
|s A
|